UBT Library

Nueral Blockade in Clinical Anesthesia and Management of Pain (Record no. 43500)

000 -LEADER
fixed length control field 00331nam a22001337a 4500
008 - FIXED-LENGTH DATA ELEMENTS--GENERAL INFORMATION
fixed length control field 180226b xxu||||| |||| 00| 0 eng d
020 ## - INTERNATIONAL STANDARD BOOK NUMBER
International Standard Book Number 9780397511594
041 ## - LANGUAGE CODE
Language code of text/sound track or separate title eng
080 ## - UNIVERSAL DECIMAL CLASSIFICATION NUMBER
Universal Decimal Classification number 617
100 ## - Rafti
Rafti 6
101 ## - Shkurtesa
Shkurtesa ANE
245 ## - TITLE STATEMENT
Title Nueral Blockade in Clinical Anesthesia and Management of Pain
Statement of responsibility, etc Cousin, M.J
942 ## - ADDED ENTRY ELEMENTS (KOHA)
Source of classification or shelving scheme
Item type Books
Holdings
Withdrawn status Lost status Source of classification or shelving scheme Damaged status Not for loan Collection code Permanent location Current location Shelving location Date acquired Total Checkouts Full call number Barcode Date last seen Price effective from Koha item type
          Koleksioni i përgjithshem UBT - Lipjan UBT - Lipjan Koleksioni i përgjithshem 02/26/2018   617 COU 002-3000091 02/26/2018 02/26/2018 Books
UBT Library © 2015-2024. All rights reserved University Education for Business and Technology